<?xml version="1.0" encoding="UTF-8"?>
<record
    xmlns:xsi="http://www.w3.org/2001/XMLSchema-instance"
    xsi:schemaLocation="http://www.loc.gov/MARC21/slim http://www.loc.gov/standards/marcxml/schema/MARC21slim.xsd"
    xmlns="http://www.loc.gov/MARC21/slim">

  <leader>00738nab a22001937a 4500</leader>
  <controlfield tag="003">BPK</controlfield>
  <controlfield tag="005">20160308091727.0</controlfield>
  <controlfield tag="008">160308b1973    pl ||||| |||| 00| ||pol  </controlfield>
  <datafield tag="040" ind1=" " ind2=" ">
    <subfield code="c">BPK</subfield>
  </datafield>
  <datafield tag="080" ind1=" " ind2=" ">
    <subfield code="a">69</subfield>
  </datafield>
  <datafield tag="100" ind1=" " ind2=" ">
    <subfield code="a">BIELAK, Janusz.</subfield>
    <subfield code="d">1969 - 1996.</subfield>
    <subfield code="b">Wy&#x17C;sza Szko&#x142;a In&#x17C;ynierska w Koszalinie - Wydzia&#x142; Budownictwa L&#x105;dowego, </subfield>
    <subfield code="c">Zesp&#xF3;&#x142; Organizacji i Ekonomiki Budownictwa</subfield>
  </datafield>
  <datafield tag="245" ind1=" " ind2=" ">
    <subfield code="a">Potrzeba rozwijania wiedzy o organizacji i zarz&#x105;dzaniu w budownictwie koszali&#x144;skim /</subfield>
    <subfield code="c">Janusz Bielak.</subfield>
  </datafield>
  <datafield tag="260" ind1=" " ind2=" ">
    <subfield code="c">1973.</subfield>
  </datafield>
  <datafield tag="500" ind1=" " ind2=" ">
    <subfield code="a">Dane z kartoteki bpp.</subfield>
  </datafield>
  <datafield tag="650" ind1=" " ind2="0">
    <subfield code="a">Budownictwo - zarz&#x105;dzanie.</subfield>
  </datafield>
  <datafield tag="650" ind1=" " ind2="0">
    <subfield code="a">Budownictwo - organizacja.</subfield>
  </datafield>
  <datafield tag="773" ind1=" " ind2=" ">
    <subfield code="i">W :</subfield>
    <subfield code="t">Informacja Bie&#x17C;&#x105;ca KZB. -</subfield>
    <subfield code="g">1973, nr 9, s. 3-4</subfield>
  </datafield>
  <datafield tag="942" ind1=" " ind2=" ">
    <subfield code="c">ART</subfield>
    <subfield code="2">UKD</subfield>
  </datafield>
  <datafield tag="999" ind1=" " ind2=" ">
    <subfield code="c">7490</subfield>
    <subfield code="d">7490</subfield>
  </datafield>
</record>
